00606nam a2200181 i 450000100060000000300090000600500170001500700030003200800410003510000180007624501130009425000130020726000420022030000270026249000520028983000520034185200310039335213ES-MaACL20230906155057.0t|030212s1950 fr ||||1| fre d1 aBorel, Emile.10aLeçons sur la théorie des fonctions b: . (principes de la Théorie des ensembles) / cpar Emile Borel. a4eme ed. aParís : bGauthier-Villars, c1950. aXII, 295 p. ; c26 cm.1 aNouvelles leçons sur la theorie des fonctions0 aNouvelles leçons sur la theorie des fonctions aES-MaACLjD-6877 bR.31067